| 000 | 00324cas a2200133 a 4500 | ||
|---|---|---|---|
| 022 | _a0048-9182 | ||
| 040 | _cNLC | ||
| 082 | _aCHO BUL 2003 C109 Or. | ||
| 245 | 1 | 0 | _aBulletin / |
| 260 |
_aRegina, Sask. : _bThe Society |
||
| 300 |
_avolumes : _billustrations, maps ; _c28 cm. |
||
| 500 | _aIncludes indexes. | ||
| 942 | _cAEDBB | ||
| 999 |
_c21531 _d21531 |
||